La dimensión de la pobreza. Estudio de la pobreza rural en Costa Rica

Na minha lista:
Detalhes bibliográficos
Autor Corporativo: Costa Rica. Presidencia de la República. Oficina de Planificación Nacional y Política Económica
Formato: Texto
Publicado em: San José: La Oficina
Tags: Adicionar Tag
Sem tags, seja o primeiro a adicionar uma tag!

MARC

LEADER 00000 a a2200000 04500
001 17624
003
040
090 |a 020600  
110 |a Costa Rica. Presidencia de la República. Oficina de Planificación Nacional y Política Económica  
245 |a La dimensión de la pobreza. Estudio de la pobreza rural en Costa Rica  
260 |a San José:   |b La Oficina  
300 |a 12; vii; 126 p.  
300 |b **no definido**  
999 |c 6714  |d 6714